000 00836nam a2200205Ia 4500
001 14827
003 GE_BSU
008 181216s||||||||xx |||||||||||||| ||und||
040 _cGE_BSU
080 _a517.91(075.8)
100 _aАрнольд, В.И.
245 _aДополнительные главы теории обикновенных дифференциальных уравнении.
245 _bУчебное пособие для студ. физ-мат.спец. Вузов.
260 _aМосква
260 _bНаука. главн. ред. физико-математической лит-ры.
260 _c1978
300 _a304стр.22см.
653 _aДополнительные главы теории обикновенных дифференциальных уравнении.
942 _cBK
999 _c47950
_d47950